[Event "Open Brno 2014"]
[Site "Brno CZE"]
[Date "2014.11.22"]
[Round "9.24"]
[White "Svoboda, Zdenek"]
[Black "Zejda, Karel"]
[Result "0-1"]
[WhiteElo "1691"]
[BlackElo "1773"]
[PlyCount "52"]
[EventDate "2014.11.15"]
[EventType "swiss"]
[EventRounds "9"]
[EventCountry "CZE"]
[Source "lmi"]
[SourceDate "2014.11.15"]

1. e4 e6 2. d4 d5 3. exd5 exd5 4. Qf3 Nf6 5. Bd3 Be7 6. Bg5 Nbd7 7. Nc3 c6 8.
Nge2 h6 9. Be3 O-O 10. Ng3 Re8 11. O-O-O b5 12. Nh5 Nxh5 13. Qxh5 Nf6 14. Qf3
Bg4 15. Qg3 Bd6 16. Bf4 Bxf4+ 17. Qxf4 Bxd1 18. Nxd1 Qb6 19. g4 Ne4 20. f3 Ng5
21. c3 Qb8 22. Qf5 g6 23. Qd7 Qf4+ 24. Kc2 Nxf3 25. Kb3 Ne5 26. dxe5 Qa4# 0-1

[Event "Open Brno 2014"]
[Site "Brno CZE"]
[Date "2014.11.22"]
[Round "9.26"]
[White "Bata, Jiri"]
[Black "Snasel, Michal"]
[Result "0-1"]
[WhiteElo "1589"]
[BlackElo "1704"]
[PlyCount "32"]
[EventDate "2014.11.15"]
[EventType "swiss"]
[EventRounds "9"]
[EventCountry "CZE"]
[Source "lmi"]
[SourceDate "2014.11.15"]

1. e4 c5 2. e5 b6 3. b3 e6 4. Nf3 Bb7 5. Be2 h5 6. d3 Nh6 7. Bxh6 Rxh6 8. Qd2
Nc6 9. Qc3 g5 10. Na3 Bg7 11. O-O-O d5 12. d4 g4 13. Nb5 Kf8 14. Ne1 cxd4 15.
Qd2 Nxe5 16. Nxd4 Qe7 0-1

[Event "Open Brno 2014"]
[Site "Brno CZE"]
[Date "2014.11.22"]
[Round "9.27"]
[White "Romanek, Zdenek"]
[Black "Kures, Michael"]
[Result "0-1"]
[WhiteElo "1648"]
[BlackElo "1493"]
[PlyCount "111"]
[EventDate "2014.11.15"]
[EventType "swiss"]
[EventRounds "9"]
[EventCountry "CZE"]
[Source "lmi"]
[SourceDate "2014.11.15"]

1. d4 f5 2. c4 Nf6 3. g3 b6 4. Bg2 Nc6 5. Nf3 Bb7 6. O-O e6 7. b3 Be7 8. Bb2 d5
9. Nbd2 Ne4 10. Rc1 Bf6 11. Ne5 Ne7 12. e3 O-O 13. f4 Rc8 14. c5 Bxe5 15. fxe5
Nxd2 16. Qxd2 Qd7 17. Rc2 b5 18. Qc1 c6 19. h4 Ba6 20. b4 Qc7 21. Bc3 Ra8 22.
Bh3 Qd7 23. Rcf2 Kh8 24. Qd1 Rg8 25. Kh2 g6 26. h5 Rg7 27. h6 Rf7 28. Be1 Ng8
29. g4 Nxh6 30. gxf5 gxf5 31. Rg2 Rg8 32. Rfg1 Rfg7 33. Bh4 Rxg2+ 34. Rxg2
Rxg2+ 35. Kxg2 Qg7+ 36. Kh1 Ng4 37. Qg1 h5 38. Qg3 Kh7 39. Kg1 Nxe3 40. Qxg7+
Kxg7 41. Be1 Kg6 42. Kf2 Nc4 43. Kf3 Bc8 44. Kf4 Nb2 45. Bf1 Bd7 46. Be2 Be8
47. Bh4 Nc4 48. Be1 Kh6 49. Bd3 Bg6 50. Bf1 Nb2 51. Be2 h4 52. Bxh4 Bh5 53.
Bxb5 cxb5 54. c6 Be8 55. c7 Bd7 56. Be1 0-1